Statistics for Largest City by First Two Letters

Click here to take the quiz!

General Stats

  • This quiz has been taken 1,746 times
    (1,730 since last reset)
  • The average score is 15 of 24

Answer Stats

PopulationCity% Correct
NE22.2 milNew York City
89%
SY5.0 milSydney
78%
WA8.4 milWashington
78%
GU48.6 milGuangzhou
77%
LO17.7 milLos Angeles
75%
SE24.8 milSeoul
74%
IS14.6 milIstanbul
71%
MU23.6 milMumbai
70%
PH7.4 milPhiladelphia
70%
BE20.7 milBeijing
68%
RI12.7 milRio de Janeiro
67%
ME22.3 milMexico City
66%
KA25.1 milKarachi
62%
BO9.5 milBogotá
57%
DU4.2 milDubai
57%
MO17.1 milMoscow
56%
PA11.3 milParis
56%
AT5.6 milAtlanta
55%
LA17.6 milLagos
55%
VA2.5 milVancouver
54%
AD3.6 milAddis Ababa
48%
LI10.1 milLima
45%
DA6.8 milDallas
40%
NA10.5 milNagoya
39%

Score Distribution

Percentile by Number Answered

Percent of People with Each Score

Your Score History

You have not taken this quiz since the last reset